| 000 | 00716nam a22002177a 4500 | ||
|---|---|---|---|
| 999 |
_c4866 _d4866 |
||
| 003 | AR-CdUCM | ||
| 008 | 190311b ||||| |||| 00| 0 spa d | ||
| 040 |
_aMUNICIPALIDAD PROVINCIAL DEL CUSCO _cBIBLIOTECA MUNICIPAL DEL CUSCO |
||
| 082 |
_22ed. _a869.508 / _bB95 |
||
| 100 |
_aBustamante, Juan _914971 |
||
| 245 | _aViaje al antiguo mundo / | ||
| 260 |
_aLima : _bMinerva, _c1959. |
||
| 300 |
_a159 páginas ; _c17 cm. |
||
| 500 | _aDonación familia Luis Nieto | ||
| 505 | _aContenido: Juan Bustamante -- La América -- La Europa -- Inglaterra -- Londres... | ||
| 650 |
_aViajes y travesías _914972 |
||
| 650 |
_aDescripciones y viajes _9497 |
||
| 650 |
_aEuropa _91221 |
||
| 942 |
_2ddc _cLIBROS |
||
| 945 | _adavv | ||